000 00630nam a22002057a 4500
003 UA-OsUOA
001 122556
007 ta
008 20170510b un ||||| |||| 00| 0 ukr d
090 _a82
942 _cSA
040 _aUA-OsUOA
_bukr
_cUA-OsUOA
_dUA-OsUOA
245 _aОлесь Гончар: Думаймо про велике! Діалог Івана Драча з Михайлом Наєнком про постать Олеся Гончара
300 _aС.10
955 _a0
041 _aukr
080 _a82
773 0 _w122555
650 7 _a82 Література. Літературознавство
_2UDC
999 _c409581
_d409581